Mưu trí và sách lược của Tào Tháo

Đã lưu trong:
书目详细资料
格式: 图书
语言:Undetermined
出版: Cà Mau Mũi Cà Mau 2004
主题:
标签: 添加标签
没有标签, 成为第一个标记此记录!
Thư viện lưu trữ: Trung tâm Học liệu Trường Đại học Cần Thơ
LEADER 00533nam a2200193Ia 4500
001 CTU_92501
008 210402s9999 xx 000 0 und d
020 |c 32000 
082 |a 895.13 
082 |b M566 
245 0 |a Mưu trí và sách lược của Tào Tháo 
245 0 |c Trí Tuệ biên dịch 
260 |a Cà Mau 
260 |b Mũi Cà Mau 
260 |c 2004 
650 |a Historical fiction, Chinese 
650 |z Vietnamese 
904 |i Minh 
980 |a Trung tâm Học liệu Trường Đại học Cần Thơ